=LDR 00000nam 2200000 4500 =001 INLIS000000000057824 =005 20210511072036 =035 ##$$a 0010-0521000039 =007 ta =008 210511###########################0#ind## =082 ##$$a 694 =084 ##$$a 694 Yap k =245 1#$$a Konstruksi kayu /$c Yap Felix =250 ##$$a cet 6 =300 ##$$a 202 halaman : $b Ilustrasi ; $c 21 cm =650 #4$$a Kontruksi kayu =264 ##$$a Bandung :$b bina cipta,$c 1993 =336 ##$$a teks$2 rdacontent =337 ##$$a lain-lain$2 rdamedia =338 ##$$a lain-lain$2 rdacarrier =990 ##$$a 03090309 =990 ##$$a 3202100309